[Event "9th HDBank Open 2019"]
[Site "Ho Chi Minh City"]
[Date "2019.03.07"]
[Round "1.1"]
[White "Wang, Hao"]
[Black "Miciano, John Marvin"]
[Result "1/2-1/2"]
[WhiteElo "2718"]
[BlackElo "2317"]
[Annotator "TA"]
[PlyCount "121"]
[EventDate "2019.03.07"]
[EventType "swiss"]
[EventCountry "VIE"]
[SourceTitle "playchess.com"]
[Source "ChessBase"]
[SourceQuality "1"]

{[%evp 12,121,40,27,32,39,39,39,39,35,36,39,41,43,42,53,52,25,15,25,34,34,34,34,49,41,47,23,34,23,34,31,41,41,54,45,49,49,58,50,77,0,47,35,45,34,38,7,10,12,23,0,0,0,0,0,0,0,0,-11,0,0,0,-4,0,-70,-70,-33,-59,-56,-43,-65,0,0,0,0,0,0,0,0,0,0,0,0,0,0,0,0,0,0,0,0,0,0,0,0,0,0,0,0,0,0,0,0,0,0,0,0,0,0,0,0]} 1. d4 Nf6 2. c4 g6 3. Nc3 Bg7 4. e4 d6 5. h3 O-O 6. Be3 c5 7. Nf3 Qa5 {[#] ...Nxe4 is the strong threat. E90: King's Indian: Classical: Early deviations and 6 h3} 8. Bd3 cxd4 9. Nxd4 Nc6 {White is slightly better.} 10. O-O Nd7 11. Be2 Nxd4 12. Bxd4 Bxd4 13. Qxd4 Qc5 {[#]} 14. Rad1 $146 (14. Qd2 {is more complex.} Nf6 15. Nd5 Nxd5 16. exd5 a5 17. Rac1) ({Predecessor:} 14. Qd2 Nf6 15. Rfe1 {½-½ (105) Rodshtein,M (2695)-Pichot,A (2565) Douglas 2017}) 14... Qxd4 15. Rxd4 Ne5 16. f4 Nc6 17. Rd2 f6 18. Nd5 Rb8 19. a3 Be6 20. b4 Rbc8 21. Rc1 Kf7 22. Kf2 Rg8 23. h4 h6 24. g3 Rgd8 25. Ne3 Kg7 26. Nd5 (26. h5 $16) 26... Kf8 27. Ke3 Nb8 28. Rf1 Nd7 29. g4 Bf7 30. Rc1 a6 31. Rdd1 e6 32. Nc3 Ke7 33. Na4 g5 34. fxg5 fxg5 35. h5 Be8 36. c5 dxc5 37. bxc5 Rc7 38. c6 (38. Nb6 $11) 38... Rxc6 $15 39. Rxc6 bxc6 40. Rb1 e5 41. Rb7 Kd6 (41... Rb8 $1 $15 42. Rxb8 (42. Bxa6 Ra8 $17) 42... Nxb8) 42. Nb2 $11 {The position is equal.} Bf7 43. Bc4 $1 {[%cal Rc4f7]} Bxc4 44. Nxc4+ {[%mdl 4096] Endgame KRN-KRN} Kc5 45. Nb2 Rb8 (45... Nf6 {is interesting.} 46. Nd3+ Kd6 47. Rf7 Nxg4+ 48. Kf3 Nh2+) 46. Rxd7 Rxb2 {KR-KR} 47. Rh7 $1 Rb3+ 48. Kf2 Kd4 {White must now prevent ...c5.} 49. Rxh6 Kxe4 50. Rxc6 Rxa3 51. Rf6 a5 52. h6 Rh3 53. Kg2 Rh4 54. Kg3 $1 a4 55. Ra6 {[#]} a3 $1 {[%mdl 512]} 56. Ra4+ (56. Rxa3 Rxh6) 56... Kd5 57. Rxa3 Rxh6 58. Ra5+ Ke4 {And now ...Rd6 would win.} 59. Ra4+ Kd5 60. Ra5+ Ke4 {aiming for ...Rd6.} 61. Ra4+ {Accuracy: White = 71%, Black = 57%.} 1/2-1/2

[Event "9th HDBank Open 2019"]
[Site "Ho Chi Minh City"]
[Date "2019.03.07"]
[Round "1.2"]
[White "Vignesh B"]
[Black "Cheparinov, Ivan"]
[Result "1/2-1/2"]
[WhiteElo "1900"]
[BlackElo "2683"]
[Annotator "TA"]
[PlyCount "81"]
[EventDate "2019.03.07"]
[EventType "swiss"]
[EventCountry "VIE"]
[SourceTitle "playchess.com"]
[Source "ChessBase"]
[SourceQuality "1"]

{[%evp 10,81,39,24,32,17,49,29,37,25,37,0,0,0,0,0,0,-18,1,4,22,18,31,7,27,14,22,-11,1,5,0,0,16,0,36,11,11,11,4,1,7,0,0,0,0,0,0,0,0,-14,0,-4,0,-15,0,0,0,0,0,0,0,0,0,0,0,0,0,0,0,0,0,0,0,0]} 1. e4 e5 2. Nf3 Nc6 3. Bc4 Nf6 4. d3 h6 5. O-O d6 6. c3 g5 {C55: Two Knights: 4 d3, 4 d4 exd4 5 e5 and Max Lange Attack} 7. Re1 (7. Nbd2 Bg7 8. Bb3 O-O 9. Nc4 d5 10. Ncxe5 dxe4 11. dxe4 Nxe5 12. Nxe5 Qxd1 13. Rxd1 Nxe4 14. Nd3 {½-½ (34) Giri,A (2783)-Matlakov,M (2700) St Petersburg 2018}) 7... Bg7 8. d4 Bg4 {White has an edge.} 9. Be2 $146 (9. d5 {looks sharper.} Ne7 10. h3 Bh5 11. Bd3 O-O 12. c4) ({Predecessor:} 9. Bb5 Nd7 10. d5 Ne7 11. h3 Bxf3 12. Bxd7+ Qxd7 13. Qxf3 Ng6 14. Nd2 {0-1 (31) Huschenbeth,N (2549)-Grandelius,N (2646) Batumi 2018}) 9... O-O 10. dxe5 Bxf3 11. exf6 Bxe2 12. Rxe2 Qxf6 13. Nd2 {[%cal Bb1d2,Bd2f1,Bf1g3,Bg3f5][%mdl 32]} Rfe8 14. Nf1 a5 15. Ng3 a4 16. Nf5 Ne7 17. Nxg7 Qxg7 18. Be3 Qg6 19. Qd2 Nc6 20. f3 Ne5 21. Rf1 Re7 22. b3 axb3 {The position is equal.} 23. axb3 Rae8 24. Bd4 Nc6 25. Rfe1 Kh7 (25... f5 {feels hotter.} 26. exf5 Qxf5 27. Rxe7 Rxe7 28. Rxe7 Nxe7 29. h4 Kf7) 26. h3 b6 27. c4 Nxd4 28. Qxd4 Re5 29. Qf2 Qg7 30. Rd2 f5 {[%cal Rf5e4]} 31. Rd5 fxe4 32. Rxe4 Rxe4 33. fxe4 $11 {[%mdl 4096] Endgame KQR-KQR} Kg8 34. Qf3 Re5 35. Rxe5 Qxe5 {KQ-KQ} 36. Qf5 Qc5+ 37. Kh2 Kg7 38. Qe6 Qe5+ 39. Qxe5+ dxe5 40. b4 Kg6 41. g4 {Accuracy: White = 49%, Black = 58%.} 1/2-1/2

[Event "9th HDBank Open 2019"]
[Site "Ho Chi Minh City"]
[Date "2019.03.07"]
[Round "1.3"]
[White "Demchenko, Anton"]
[Black "Gomes, Mary Ann"]
[Result "1-0"]
[WhiteElo "2678"]
[BlackElo "2312"]
[Annotator "TA"]
[PlyCount "97"]
[EventDate "2019.03.07"]
[EventType "swiss"]
[EventCountry "VIE"]
[SourceTitle "playchess.com"]
[Source "ChessBase"]
[SourceQuality "1"]

{[%evp 19,97,15,25,23,21,16,29,31,25,33,21,24,19,19,39,26,33,38,49,49,56,56,67,6,14,11,15,9,12,10,24,9,9,9,9,9,11,11,11,6,4,4,12,8,12,0,0,-12,0,0,0,0,56,0,0,-1,0,-10,6,6,5,5,58,60,71,73,148,155,147,118,107,114,259,196,442,222,1756,1791,1718,1679]} 1. e4 c5 2. Nf3 d6 3. Bb5+ Nd7 4. d4 cxd4 5. Qxd4 a6 6. Bxd7+ Bxd7 7. Nc3 e5 8. Qd3 h6 9. Nd2 Nf6 10. Nc4 Be6 11. Ne3 {B51: Sicilian: Moscow Variation (3 Bb5+) without 3...Bd7} Rc8 12. O-O (12. Bd2 Be7 13. a4 O-O 14. O-O Qd7 15. a5 Rfd8 {½-½ (58) Duda,J (2737)-Nepomniachtchi,I (2757) Dortmund 2018}) 12... Be7 13. a4 {White has an edge.} Qc7 14. Rd1 O-O 15. a5 Rfd8 16. Qe2 $146 Bf8 17. Qf3 Qd7 18. Bd2 Bg4 19. Nxg4 Qxg4 20. Qxg4 Nxg4 21. f3 (21. Ra4 $14) 21... Nf6 $11 22. Be1 d5 23. exd5 Bb4 24. Rd3 Bxc3 25. Rxc3 Nxd5 26. Rxc8 Rxc8 {[%mdl 4096] Endgame KRB-KRN} 27. c3 Rd8 28. Rd1 {c4 is the strong threat.} Rd7 $1 29. Rd2 f5 30. Kf2 Kf7 31. c4 Nf6 32. Re2 e4 33. Bc3 exf3 34. gxf3 Rc7 35. b3 {[%cal Bb2b3,Bb3b4,Bb4b5][%mdl 32]} Nd7 (35... Rd7 $11) 36. Rc2 (36. Rd2 $14) 36... g5 37. Ke3 Nc5 38. b4 Re7+ 39. Kd4 Ne6+ 40. Ke5 Ng7+ (40... f4 $11) 41. Kd5 $14 Ne8 42. b5 Re6 (42... h5 $142) 43. Be5 $1 $16 Nf6+ {[#]} 44. Bxf6 $1 Kxf6 45. Rb2 Re5+ {[#]} (45... Re3 $16) 46. Kd6 $1 $18 Re3 $2 (46... Re6+ {is a better defense.} 47. Kc7 axb5) 47. Kc7 (47. bxa6 $142 Re6+ 48. Kc7 Rxa6 49. Rb5 (49. Kxb7 Rxa5 50. Rc2 Ra3 $16)) 47... Ra3 $2 (47... axb5 48. cxb5 (48. Rxb5 Re7+ 49. Kb8 f4 $16) 48... Re7+ 49. Kb6 f4) 48. b6 Rxa5 49. Kxb7 {Accuracy: White = 71%, Black = 40%.} 1-0

[Event "9th HDBank Open 2019"]
[Site "Ho Chi Minh City"]
[Date "2019.03.07"]
[Round "1.4"]
[White "Pranesh M"]
[Black "Mareco, Sandro"]
[Result "0-1"]
[WhiteElo "2309"]
[BlackElo "2666"]
[Annotator "TA"]
[PlyCount "154"]
[EventDate "2019.03.07"]
[EventType "swiss"]
[EventCountry "VIE"]
[SourceTitle "playchess.com"]
[Source "ChessBase"]
[SourceQuality "1"]

{[%evp 18,153,30,20,22,0,27,0,0,7,20,-18,-18,-49,-22,-31,-28,-79,-83,-90,-98,-94,-60,-60,-70,-92,-97,-113,-99,-107,-84,-87,-72,-106,-95,-137,-131,-135,-131,-131,-131,-148,-145,-147,-147,-113,-113,-138,-113,-111,-110,-112,-113,-121,-105,-98,-97,-109,-96,-93,-89,-106,-98,-97,-100,-105,-101,-102,-94,-143,-90,-148,-142,-140,-145,-138,-147,-235,-235,-243,-243,-916,-829,-504,-493,-675,-468,-897,-885,-856,-798,-828,-605,-1535,-1521,-1397,-1361,-998,-1349,-1614,-1515,-1357,-594,-5546,-5546,-2947,-2626,-29981,-29981,-29981,-29982,-29981,-29982,-29983,-29983,-29986,-29985,-29990,-29991,-29993,-29994,-29994,-29995,-29996,-29996,-29996,-29996,-29996,-29997,-29997,-29997,-29997,-29997,-29997,-29998,-29998,-29999,-29999]} 1. e4 c5 2. Nf3 e6 3. Nc3 Nc6 4. d4 cxd4 5. Nxd4 d6 6. g3 Nf6 7. Bg2 Bd7 8. O-O Be7 9. Re1 O-O 10. Nxc6 Bxc6 {B80: Sicilian Scheveningen: 6 g3 and 6 Be3, including English Attack} 11. Qd4 $146 ({Predecessor:} 11. Be3 Qc7 12. a4 a6 13. a5 Rac8 14. Bb6 Qb8 15. Nd5 exd5 16. exd5 Nxd5 17. Bxd5 Bf6 18. c3 Bxd5 19. Qxd5 Rfe8 20. Rad1 Rc6 21. Qf5 Rxe1+ 22. Rxe1 Qc8 {½-½ (33) Simacek,P (2490)-Czarnota,P (2556) Legnica 2017}) 11... Ng4 12. Rd1 Qa5 {The position is equal.} 13. Qd2 Bf6 14. h3 Bxc3 $1 15. bxc3 Nf6 16. Qd3 d5 17. e5 (17. exd5 $11 Bxd5 18. Bxd5 Qxd5 19. Qxd5 Nxd5 20. c4) 17... Ne4 $17 18. c4 dxc4 19. Qxc4 Qxe5 20. Bf4 Qc3 21. Qe2 f5 22. Kh2 Rfe8 23. Be3 Bd5 24. Bd4 Qc7 25. c4 Qxc4 26. Qb2 Qc7 27. Rac1 Qf7 28. Be5 Rac8 29. Qd4 b6 30. g4 Rxc1 31. Rxc1 Nc5 32. Bxd5 {[#] Bc4 is the strong threat.} exd5 33. gxf5 Qxf5 34. Qxd5+ Qf7 35. Rd1 h6 {aiming for ...Rxe5!} 36. f4 Ne6 37. Rg1 Rd8 38. Qg2 ({Avoid the trap} 38. Rxg7+ $2 Qxg7 39. Qxe6+ Qf7 $19) 38... Kh7 39. Qe4+ g6 40. Rg2 Nc5 41. Qc6 Nd3 42. Qe4 Qe6 43. h4 Nxe5 (43... h5 $142 44. Rc2 Nc5) 44. fxe5 {[%mdl 4096] Endgame KQR-KQR} ({Better is} 44. Qxe5 Qxe5 45. fxe5) 44... Re8 45. Re2 h5 46. Qf3 Re7 47. Qe4 (47. a4 $17) 47... Rc7 $19 48. Qf3 Rc4 49. Qf6 $2 (49. Re4) 49... Qxf6 50. exf6 Rxh4+ {KR-KR} 51. Kg3 Rg4+ 52. Kf3 (52. Kh2 $142 Kg8 53. Re8+ Kf7 {[%mdl 64] Double Attack} 54. Re7+ Kxf6 55. Rxa7) 52... g5 53. Re7+ Kg6 54. Rxa7 Rf4+ 55. Kg3 h4+ 56. Kh3 Rf3+ 57. Kg2 Rxf6 58. Ra4 Rf4 59. Ra6 Rb4 (59... Kf5 $142 60. Rxb6 Kg4) 60. a3 Rb2+ 61. Kf3 Kf5 62. Ra4 {[#]} g4+ $1 {Black mates.} 63. Ke3 (63. Rxg4 Rb3+) 63... h3 64. Rf4+ Kg5 65. Rf8 h2 66. Rh8 Rb3+ 67. Kf2 Rh3 68. Rxh3 gxh3 {KP-KP} 69. a4 h1=Q 70. a5 Kf4 71. Ke2 Qe4+ 72. Kd2 h2 73. axb6 h1=R 74. b7 Rh2+ 75. Kc3 Rc2+ 76. Kb3 Qc4+ 77. Ka3 Ra2# {Accuracy: White = 32%, Black = 80%.} 0-1

[Event "9th HDBank Open 2019"]
[Site "Ho Chi Minh City"]
[Date "2019.03.07"]
[Round "1.5"]
[White "Nguyen, Ngoc Truong Son"]
[Black "Duong, The Anh"]
[Result "1/2-1/2"]
[WhiteElo "2647"]
[BlackElo "2301"]
[Annotator "TA"]
[PlyCount "45"]
[EventDate "2019.03.07"]
[EventType "swiss"]
[EventCountry "VIE"]
[SourceTitle "playchess.com"]
[Source "ChessBase"]
[SourceQuality "1"]

{[%evp 16,45,49,-4,13,-16,6,0,58,35,60,19,64,33,22,26,28,0,0,-2,46,48,55,52,58,0,64,0,30,0,56,0]} 1. d4 Nf6 2. Nf3 e6 3. c4 b6 4. g3 Ba6 5. Qc2 Bb4+ 6. Bd2 Be7 7. Bg2 O-O 8. O-O d5 9. b3 (9. cxd5 $14 exd5 10. Nc3) 9... Nbd7 {E15: Queen's Indian: 4 g3 sidelines, 4 g3 Ba6 and 4 g3 Bb7 early deviations} (9... c5 10. Nc3 Nc6 11. dxc5 bxc5 12. Rad1 Rc8 13. Bf4 Qa5 14. Bd2 dxc4 15. Nd5 cxb3 16. Nxe7+ Nxe7 17. axb3 {½-½ (146) Wang,H (2734)-Harikrishna,P (2755) Danzhou 2016}) 10. a4 {[%cal Ba2a4,Ba4a5][%mdl 32]} Ne4 $146 ({Predecessor:} 10... Bb7 11. a5 c5 12. cxd5 exd5 13. a6 Bc6 14. dxc5 bxc5 {1-0 (39) Lindenmair,A-Breitner,K Benidorm 1985}) 11. Nc3 Ndf6 (11... Nxd2 $11 12. Nxd2 c6) 12. Ne5 {[%cal Rc3e4]} Bb7 13. a5 Qc8 14. Be3 Nxc3 15. Qxc3 c5 16. Rfb1 Rd8 17. Qb2 Ne4 18. Rc1 Bf6 19. Ng4 $36 {[%mdl 2048] [#] a6! is the strong threat. White is more active.} Be7 20. Ne5 Bf6 $1 21. Ng4 {Strongly threatening a6!} Be7 22. Ne5 Bf6 $1 23. Ng4 {Accuracy: White = 24%, Black = 53%.} ({Better is} 23. cxd5 $14 exd5 24. Bxe4 dxe4 25. b4) 1/2-1/2

[Event "9th HDBank Open 2019"]
[Site "Ho Chi Minh City"]
[Date "2019.03.07"]
[Round "1.6"]
[White "Hoang, Thi Bao Tram"]
[Black "Iturrizaga Bonelli, Eduardo"]
[Result "0-1"]
[WhiteElo "2301"]
[BlackElo "2639"]
[Annotator "TA"]
[PlyCount "90"]
[EventDate "2019.03.07"]
[EventType "swiss"]
[EventCountry "VIE"]
[SourceTitle "playchess.com"]
[Source "ChessBase"]
[SourceQuality "1"]

{[%evp 17,90,-16,-6,-33,-11,-32,-18,-44,-15,-52,-52,-73,-33,-50,-48,-50,-43,-53,-48,-47,-47,-46,-38,-61,-64,-64,-56,-74,-74,-89,-79,-98,-65,-166,-134,-186,-181,-181,-185,-181,-181,-188,-166,-252,-166,-245,-219,-234,-219,-252,-248,-274,-226,-436,-415,-362,-374,-366,-353,-349,-347,-327,-326,-356,-297,-542,-561,-563,-575,-741,-746,-931,-908,-1153,-1108]} 1. Nf3 Nf6 2. g3 b6 3. Bg2 Bb7 4. c4 g6 5. b3 Bg7 6. Bb2 O-O 7. O-O e6 8. d3 d5 9. Nbd2 c5 10. a3 {A30: Symmetrical English: Double Fianchetto and Hedgehog} (10. cxd5 exd5 11. d4 Nbd7 12. dxc5 bxc5 13. Rc1 Re8 14. Ne1 Qb6 15. Nd3 Rac8 16. Re1 a5 17. e3 a4 {0-1 (89) Petenyi,T (2449)-Inarkiev,E (2693) Antalya 2017}) 10... Nc6 11. Qc2 Qe7 12. Rac1 $146 {The position is equal.} ({Predecessor:} 12. e3 Rfd8 13. Rad1 d4 14. exd4 Nxd4 15. Bxd4 cxd4 16. b4 a5 17. Qb3 axb4 18. axb4 {1-0 (40) Sikorova,O (2263)-Socha,J (1988) Tatranske Zruby 2012}) 12... Rfd8 13. Qb1 d4 14. Rfe1 Bh6 15. Rcd1 e5 16. Bc1 a5 17. Nf1 Bxc1 18. Qxc1 a4 19. bxa4 Rxa4 20. Qb2 Qc7 21. Rb1 Nd7 22. N3d2 Rda8 23. Ra1 Nd8 $36 {[%mdl 2048] Black has strong initiative.} 24. Bh3 Qc6 {[%csl Gb7][%cal Rc6h1] [#]} (24... f5 {seems wilder.} 25. e4 Nf7 26. Bg2 Bc6 27. h4 Qb7) 25. f3 ({White should play} 25. Nf3 $15) 25... Ne6 26. Reb1 (26. Bxe6 $17 {was called for.} Qxe6 27. e4) 26... f5 $19 27. Bg2 Qd6 28. Qc1 Kg7 29. Rb3 h5 30. Rab1 (30. h4 $142) 30... R4a6 31. R1b2 (31. h4 {keeps fighting.}) 31... Bc6 32. Ra2 {[#]} h4 $1 {[%mdl 512]} 33. Nb1 (33. gxh4 Nf4) 33... hxg3 34. hxg3 Rh8 35. e4 $2 (35. a4 {was worth a try.}) 35... dxe3 36. Qxe3 f4 37. Qf2 Nf6 38. Nbd2 Nd4 39. Rb1 g5 40. g4 Ba4 41. Re1 $2 (41. Rc1) 41... Bc2 {Black is clearly winning.} 42. Ne4 Nxe4 43. dxe4 Bb3 44. Rb2 Bxc4 45. Nd2 Bd3 {Accuracy: White = 29%, Black = 68%.} 0-1

[Event "9th HDBank Open 2019"]
[Site "Ho Chi Minh City"]
[Date "2019.03.07"]
[Round "1.7"]
[White "Van Wely, Loek"]
[Black "Le, Minh Hoang"]
[Result "1-0"]
[WhiteElo "2612"]
[BlackElo "2299"]
[Annotator "TA"]
[PlyCount "71"]
[EventDate "2019.03.07"]
[EventType "swiss"]
[EventCountry "VIE"]
[SourceTitle "playchess.com"]
[Source "ChessBase"]
[SourceQuality "1"]

{[%evp 12,71,43,32,91,50,89,70,96,82,102,79,136,141,158,162,139,140,289,289,252,270,379,384,410,227,231,195,452,427,453,457,450,452,428,387,495,494,497,489,491,493,485,482,777,792,1289,1241,1133,1109,1165,309,303,297,361,356,375,376,809,788,29990,29991]} 1. d4 d5 2. c4 c6 3. Nf3 Nf6 4. Nc3 e6 5. Bg5 Nbd7 6. cxd5 cxd5 7. e3 b6 {D51: Queen's Gambit Declined: 4 Bg5 Nbd7 sidelines} ({Black should try} 7... Be7 $14) (7... Be7 8. Bd3 b6 9. O-O Bb7 10. Qe2 O-O 11. Rfc1 h6 12. Bf4 Nh5 13. Be5 a6 14. h3 Nxe5 15. dxe5 g6 16. Nd4 {0-1 (58) Kramnik,V (2760)-Mamedyarov,S (2757) Sochi 2014}) 8. Ne5 $146 ({Predecessor:} 8. Bd3 Bb4 9. Bxf6 Bxc3+ 10. bxc3 Nxf6 11. O-O O-O 12. a4 Qc7 13. Qc2 Bd7 14. Ne5 {0-1 (29) Mumia,A (1874)-Hawi,J (1627) Nairobi 2017}) 8... h6 9. Bh4 g5 {White is slightly better.} 10. Bg3 Bb7 11. h4 gxh4 (11... Rg8 $142) 12. Bxh4 $16 Be7 13. Bb5 $36 {[%mdl 2048] White is on the roll.} Kf8 14. Bc6 Bxc6 (14... Qc8 $16 {was necessary.}) 15. Nxc6 $18 Qc7 16. Nxe7 {Black must now prevent Bg3.} Kxe7 (16... Qd6 {might work better.} 17. Nexd5 (17. Bxf6 Nxf6 18. Nexd5 Nxd5 $18) 17... Nxd5) 17. Qf3 Qc4 18. e4 (18. Rd1 $142) 18... Qxd4 19. O-O Rac8 $2 (19... Kf8) 20. Rfe1 Rhg8 21. Rad1 Qc4 {[#]} 22. Nxd5+ $1 {[%mdl 512]} exd5 23. Bxf6+ Kf8 24. Bc3 d4 25. Rxd4 Qe6 {[#]} 26. e5 $1 {[%mdl 512]} Nc5 (26... Nxe5 27. Rxe5) 27. b4 Na4 (27... Nb7 $142 28. Rc1 Nd8) 28. Bd2 Rg6 29. Rd6 Qg4 30. Bxh6+ Kg8 31. Qxg4 $2 (31. Rxg6+ Qxg6 32. Rd1) 31... Rxg4 32. a3 Nb2 33. e6 {Hoping for e7.} fxe6 34. Rexe6 Nc4 $2 (34... Kf7 35. Re2 Rg6) 35. Rd7 Nxa3 36. f3 {Accuracy: White = 67%, Black = 28%.} 1-0

[Event "9th HDBank Open 2019"]
[Site "Ho Chi Minh City"]
[Date "2019.03.07"]
[Round "1.8"]
[White "Kulkarni, Rakesh"]
[Black "Predke, Alexandr"]
[Result "1-0"]
[WhiteElo "2298"]
[BlackElo "2611"]
[Annotator "TA"]
[PlyCount "71"]
[EventDate "2019.03.07"]
[EventType "swiss"]
[EventCountry "VIE"]
[SourceTitle "playchess.com"]
[Source "ChessBase"]
[SourceQuality "1"]

{[%evp 14,71,19,2,24,37,12,19,30,18,20,0,26,4,45,0,46,37,34,52,33,43,76,13,45,0,73,70,77,76,158,150,166,173,165,163,169,158,150,143,228,232,314,296,299,305,530,531,525,506,29991,548,534,506,1147,1147,1117,1112,2681,2441]} 1. e4 c6 2. d4 d5 3. Nd2 dxe4 4. Nxe4 Nd7 5. Nf3 Ngf6 6. Ng3 e6 7. Bd3 c5 8. O-O a6 {B17: Caro-Kann: Modern Line (4...Nd7)} 9. Re1 $146 ({Predecessor:} 9. c3 Be7 10. Qe2 {½-½ (10) McShane,L (2480)-Speelman,J (2623) Lippstadt 2000}) 9... Be7 10. c4 cxd4 {The position is equal.} 11. Nxd4 O-O 12. Bg5 Qa5 13. Ne4 Rd8 14. Qc2 h6 15. Bh4 Ne5 16. Nb3 Qc7 17. Nxf6+ gxf6 18. Rad1 (18. Bg3 $1 $16) 18... b6 19. Re3 {And now Rg3+ would win.} Rxd3 (19... Nxd3 $11 {keeps the balance.} 20. Rg3+ Kh8 21. Rdxd3 Bb7) 20. Rdxd3 $16 Nxd3 21. Qxd3 Bb7 (21... Ra7 $142) 22. Rg3+ Kh8 {[#]} 23. Qd4 $1 Qd8 {...Qxd4 is the strong threat.} 24. Qg4 {[%csl Gg3][%cal Rg4g7]} Qf8 25. Qf4 Kh7 26. Bxf6 $40 {[%mdl 128] White attacks with force.} Rd8 (26... Bd6 $16 27. Be5 Bxe5 28. Qxe5 Rc8) 27. h3 $18 Rd1+ 28. Kh2 Bd6 29. Be5 f5 $2 (29... Bxe5 {was worth a try.} 30. Qxe5 Rd6) 30. Nd4 Qf6 31. Nf3 (31. Bxf6 Bxf4 32. h4 Rd2 $19) ({Less strong is} 31. Bxd6 Qxd4 32. Qxd4 Rxd4 $18) 31... Qf8 {[#]} (31... Bxf3 $18 32. Bxd6 (32. Bxf6 Bxf4 33. gxf3 e5 $19) 32... Rd4) 32. Bxd6 (32. Ng5+ $142 $1 {[%mdl 512]} Kg8 (32... hxg5 33. Qxg5) 33. Nxe6+ Kf7 34. Qxf5+ Ke7 35. Nxf8 Bxe5 36. Qxe5+ Kxf8 37. Rg7 Re1 38. Qf6+ {[%mdl 64] Double Attack} Ke8 39. Qf7+ {[%mdl 64] Double Attack} Kd8 40. Qd7#) 32... Rxd6 {White is clearly winning.} 33. Ne5 Bc6 (33... a5 $142 34. Qh4 Bc6) 34. Ng6 Qd8 35. Qe5 Be4 36. Nf4 {Accuracy: White = 47%, Black = 24%.} 1-0

[Event "9th HDBank Open 2019"]
[Site "Ho Chi Minh City"]
[Date "2019.03.07"]
[Round "1.9"]
[White "Wen, Yang"]
[Black "Priyanka Nutakki"]
[Result "1/2-1/2"]
[WhiteElo "2599"]
[BlackElo "2297"]
[Annotator "TA"]
[PlyCount "110"]
[EventDate "2019.03.07"]
[EventType "swiss"]
[EventCountry "VIE"]
[SourceTitle "playchess.com"]
[Source "ChessBase"]
[SourceQuality "1"]

{[%evp 12,110,30,21,20,31,50,0,4,0,33,14,66,53,73,83,83,71,63,62,66,60,72,29,29,7,14,13,21,22,23,0,0,-10,0,0,0,0,0,0,0,0,0,0,0,0,0,-43,-49,-48,-46,-106,-45,-52,-41,-30,2,-74,0,0,7,-58,-25,-48,4,0,76,3,7,10,8,9,25,20,81,0,0,0,0,0,0,0,0,0,0,0,0,0,0,0,0,0,0,-133,0,0,0,0,0,0,0]} 1. Nf3 Nf6 2. g3 d5 3. Bg2 e6 4. O-O Be7 5. c4 O-O 6. b3 a5 7. Nc3 d4 {A14: English Opening: 1...e6 with b3 by White} 8. Nb5 Nc6 9. d3 e5 10. e3 $1 Bg4 11. exd4 (11. h3 $5 {[%cal Rh3g4]} Bxf3 12. Qxf3 $14) 11... exd4 (11... Nxd4 $11 12. Nbxd4 exd4) 12. h3 $14 Bh5 13. g4 Bg6 {[#]} 14. Nh4 $146 ({Predecessor:} 14. Bf4 Ne8 15. Ne5 Nxe5 16. Bxe5 {0-1 (27) Kortschnoj,V (2575)-Gelfand,B (2685) Tilburg 1992}) 14... Ne8 15. Nxg6 hxg6 16. Bf4 a4 17. bxa4 Na5 18. Qc1 c6 19. Na3 Nc7 20. Nc2 Ne6 21. Re1 Nc5 22. Qd2 Nxa4 23. Be5 c5 24. Na3 Nc6 25. Bf4 Qd7 26. Nb5 Bd8 {Threatens to win with ...Ba5.} 27. Qc2 Nb4 28. Qb3 $1 Nc3 29. Nxc3 dxc3 30. a3 Nc6 (30... Nxd3 $6 31. Red1 $16) 31. Rab1 (31. Bd5 $15) 31... Ra7 (31... Nd4 $1 $17 {[%cal Rd4b3]} 32. Qxb7 Qxb7 33. Rxb7 Rxa3) 32. Qb5 ({Much worse is} 32. Qxc3 Ba5 $17) 32... Be7 ({But not} 32... Qxd3 $6 33. Rbd1 $11) 33. Bd5 Rd8 34. Be3 (34. Rb3 $11 {remains equal.}) 34... Nd4 (34... Rxa3 $17 35. Qxb7 Nb4 36. Qxd7 Rxd7) 35. Qb6 $11 Rxa3 {...c2 is the strong threat.} 36. Qxb7 (36. Bxd4 $11 cxd4 37. Qxd4) 36... Ra7 37. Qxd7 Raxd7 (37... Rdxd7 $15 38. Kg2 Bd6) 38. Kf1 Ra7 {[#]} (38... Nc2 $11) 39. Rbc1 ({White should try} 39. Rec1 $1 $16) 39... Bf6 40. g5 Be5 41. f4 Bc7 42. Rxc3 Re8 {[#]} (42... Ra2 $11 {keeps the balance.}) 43. Be4 (43. Rcc1 $1 $16) 43... Ra2 44. Bxd4 cxd4 45. Rb3 Bxf4 46. Rb5 Be3 47. Re2 Ra1+ 48. Re1 Ra2 49. Reb1 Rf2+ 50. Ke1 Rxe4 51. dxe4 {Strongly threatening Rd5.} d3 $1 {( -> ...Rg2)} 52. Rd5 (52. R5b2 $1 $11 {was the only way to keep the balance.} d2+ 53. Kd1) 52... Re2+ ({Better is} 52... d2+ $17 53. Kd1 Rf1+ 54. Kc2 Rc1+ 55. Kb2 Bxg5) 53. Kd1 {The position is equal.} Rd2+ 54. Ke1 Re2+ 55. Kd1 Rd2+ {Accuracy: White = 53%, Black = 65%.} 1/2-1/2